COMPETENCY BASED BD. CHAURASIA'S HUMAN ANATOMY : UPPER LIMB THORAX VOL-1 (Record no. 30792)

MARC details
000 -LEADER
fixed length control field 00463nam a22001697a 4500
003 - CONTROL NUMBER IDENTIFIER
control field SGT
020 ## - INTERNATIONAL STANDARD BOOK NUMBER
International Standard Book Number 9789354669798
082 ## - DEWEY DECIMAL CLASSIFICATION NUMBER
Classification number 611
Item number C25G
100 ## - MAIN ENTRY--PERSONAL NAME
Personal name GARG, KRISHNA
245 ## - TITLE STATEMENT
Title COMPETENCY BASED BD. CHAURASIA'S HUMAN ANATOMY : UPPER LIMB THORAX VOL-1
250 ## - EDITION STATEMENT
Edition statement 10TH
260 ## - PUBLICATION, DISTRIBUTION, ETC. (IMPRINT)
Place of publication, distribution, etc INDIA
Name of publisher, distributor, etc CBS PUB
Year of Publication 2025
300 ## - PAGE DESCRIPTION
No. of Pages 315
650 ## - SUBJECT ADDED ENTRY--TOPICAL TERM
Topical term or geographic name as entry element HUMAN ANATOMY
653 ## - KEYWORDS--INDEX TERM
Keyword term COMPETENCY BASED BD. CHAURASIA'S HUMAN ANATOMY : UPPER LIMB THORAX
942 ## - ADDED ENTRY ELEMENTS (KOHA)
Source of classification or shelving scheme Dewey Decimal Classification
Koha item type Books
Holdings
Withdrawn status Lost status Source of classification or shelving scheme Damaged status Not for loan Collection code Home library Current library Shelving location Date acquired Vendor Name Cost, normal purchase price Volume Information (Serial or Books or Non-Book Material) SGTU Bill Number Total Checkouts Full call number Accession No. (Barcode) Date last seen Date last borrowed Bill Date Koha item type Checked out
    Dewey Decimal Classification     MEDICAL SGT Medical Library SGT Medical Library Reference Book 11/02/2025 ABC DELHI 995.00 VOL-1 SGTU 20461 9 611 C25G FM15061 19/05/2026 18/05/2026 11/02/2025 Books  
    Dewey Decimal Classification     MEDICAL SGT Medical Library SGT Medical Library Text Book 11/02/2025 ABC DELHI 995.00 VOL-1 SGTU 20461 17 611 C25G FM15062 01/06/2026 18/05/2026 11/02/2025 Books  
    Dewey Decimal Classification     MEDICAL SGT Medical Library SGT Medical Library Text Book 11/02/2025 ABC DELHI 995.00 VOL-1 SGTU 20461 11 611 C25G FM15063 27/05/2026 27/05/2026 11/02/2025 Books 10/06/2026
    Dewey Decimal Classification     MEDICAL SGT Medical Library SGT Medical Library Text Book 11/02/2025 ABC DELHI 995.00 VOL-1 SGTU 20461 12 611 C25G FM15064 21/05/2026 06/05/2026 11/02/2025 Books  
    Dewey Decimal Classification     MEDICAL SGT Medical Library SGT Medical Library Text Book 11/02/2025 ABC DELHI 995.00 VOL-1 SGTU 20461 10 611 C25G FM15065 27/04/2026 15/04/2026 11/02/2025 Books